Joueurs Français en Europa League - Statistiques

Statistiques générales
  • Ce quiz a été pris 29 fois
  • Le résultat moyen est 11 sur 40
Statistiques - réponses
Club Poste Joueur % Correct
Aston Villa DG Lucas Digne
89%
Olympique Lyonnais MC Corentin Tolisso
85%
AS Roma MC Manu Koné
85%
LOSC Lille MDC Benjamin André
78%
Aston Villa MDC Boubacar Kamara
78%
LOSC Lille MDC Ayyoub Bouaddi
63%
Olympique Lyonnais MOC/MC Khalis Merah
59%
LOSC Lille BU Olivier Giroud
52%
Olympique Lyonnais GK Rémy Descamps
48%
Nottingham Forest BU Arnaud Kalimuendo
44%
OGC Nice DD Jonathan Clauss
44%
Nottingham Forest AG/MOC Dilane Bakwa
33%
OGC Nice BU Mohamed-Ali Cho
30%
LOSC Lille DG Romain Perraud
30%
OGC Nice MC Morgan Sanson
26%
OGC Nice MDC Tanguy Ndombélé
26%
LOSC Lille MOC/AD Ethan Mbappé
22%
RB Salzbourg DC Joane Gadou
19%
RB Salzbourg MDC Lucas Gourna-Douath
19%
OGC Nice GK Maxime Dupé
19%
Young Boys de Berne AD Alan Virginius
15%
VfB Stuttgart DC Dan-Axel Zagadou
15%
GNK Dinamo Zagreb DD Ronaël Pierre-Gabriel
15%
OGC Nice AD Tom Louchet
15%
SC Fribourg DG Jordy Makengo
11%
VfB Stuttgart DD Lorenz Assignon
11%
PAOK Salonique MDC Soualiho Meïté
11%
FC Utrecht AG Yoann Cathline
11%
Rangers Glasgow AG Djeidi Gassama
7%
LOSC Lille GK Maxima Goffi
7%
LOSC Lille BU Ugo Raghouber
7%
FC Porto AG Yann Karamoh
7%
FC Viktoria Plzeň AG Cheick Souaré
4%
SC Braga MC Gorby
4%
Férencvaros TC DC Ibrahim Cissé
4%
FC Bâle MC Koba Koindredi
4%
Férencvaros TC AD Lenny Joseph
4%
FC Bâle MC Léo Leroy
4%
Young Boys de Berne DC Tanguy Zoukrou
4%
Real Bétis Séville DC Yoan Koré
0%
Aucun quiz correspondant
Distribution des résultats
% des personnes avec chaque résultat
Percentile par nombre de réponses
Votre historique - résultats
Vous n’avez pas pris ce quiz